| 000 | 00472nam a2200169 a 4500 | ||
|---|---|---|---|
| 001 | 5639 | ||
| 003 | CDMR | ||
| 005 | 20130805120144.0 | ||
| 008 | 130130s2011||||||||||||||||||||||||||||d | ||
| 020 | _a9788499000442 | ||
| 040 |
_aCDMR _bcat _cCPC LLEIDA |
||
| 110 |
_92843 _aFundació La Caixa |
||
| 245 | 3 |
_aUn altre Egipte _b: col·leccions coptes del Museu del Louvre |
|
| 260 |
_aBarcelona _c2011 _bFundació "la Caixa" |
||
| 500 | _aCatàleg d'exposició | ||
| 942 |
_cMON _2ddc |
||
| 999 |
_c5639 _d5639 |
||